| 000 | 01125nmc a2200337 a 4500 | ||
|---|---|---|---|
| 003 | AR-BaBNM | ||
| 005 | 20251128204042.0 | ||
| 008 | 256119s1992 ||||||||||||||000 | spa|| | ||
| 020 | _a950-03-0460-0 | ||
| 040 | _cAR-BaBNM | ||
| 100 | 1 | _aPoe, Edgar Allan | |
| 245 | 1 | 0 | _aLa caída de la casa Usher y otros cuentos |
| 250 | _a1ª ed. | ||
| 260 |
_aBuenos Aires _bLosada _c1992 |
||
| 300 | 0 | _a209 p. | |
| 490 | 0 |
_aBiblioteca clásica y contemporánea _vv. 545 |
|
| 500 | 0 | _aContiene los cuentos: La caída de la casa Usher - Manuscrito hallado en una botella - Ligeia - William Wilson - El retrato oval - La verdad sobre el caso del señor Valdemar - Los crímenes de la Rue Morgue - La máscara de la muerte roja | |
| 650 | 4 | _aCUENTOS | |
| 650 | 4 | _aESCRITORES | |
| 650 | 4 | _aLITERATURA ESTADOUNIDENSE | |
| 650 | 4 | _aROMANTICISMO | |
| 650 | 4 | _aSIGLO DIECINUEVE | |
| 653 | 0 | _aNARRATIVA | |
| 653 | 0 | _aCUENTO POLICIAL | |
| 653 | _aCUENTOS DE MISTERIO | ||
| 655 | _aLITERATURA | ||
| 700 | 1 |
_aAzcona Cranwell, Elizabeth _etraductor |
|
| 700 | 1 |
_aWatson, Valeria _etraductor |
|
| 942 | _cBK | ||
| 998 | _cMARTIN | ||
| 999 |
_c5972 _d5972 |
||